📖150 premiers mots "Vassilissa" Clarissa Pinkola Estés - Statistiques

Statistiques générales
  • Ce quiz a Ă©tĂ© pris 2 fois
  • Le rĂ©sultat moyen est 62 sur 150
Statistiques - réponses
Mots % Correct
d'
100%
de
100%
de-
100%
Dieu
100%
elle
100%
Il
100%
il
100%
l'
100%
la
100%
La
100%
le
100%
les
100%
n'
100%
s'
100%
Sa
100%
sa
100%
Si
100%
un
100%
une
100%
au
50%
aussi
50%
autre
50%
aux
50%
- Ce
50%
comme
50%
dans
50%
Du
50%
en
50%
et
50%
était
50%
fille
50%
fois
50%
mari
50%
pas,
50%
petite
50%
pour
50%
qu'
50%
que
50%
qui
50%
son
50%
sur
50%
toi
50%
ton
50%
toute
50%
tu
50%
Vassilissa,
50%
Vassilissa
50%
agenouiller
0%
aimée,
0%
amour,
0%
appela
0%
assis
0%
auprès
0%
blanc
0%
blanc,
0%
blanche
0%
bois
0%
bottes
0%
bout
0%
brodée
0%
chemin ...
0%
cire
0%
conduise
0%
couleurs.
0%
dernières
0%
dessus-
0%
dit
0%
église
0%
étaient
0%
fils
0%
gisait
0%
jeune
0%
jupe
0%
laine,
0%
lit
0%
mère
0%
mère.
0%
mes
0%
minuscule,
0%
mon
0%
monde.
0%
mort,
0%
mourante
0%
murmura
0%
noire
0%
pâle
0%
paroles,
0%
perds
0%
poupée,
0%
poupée
0%
priaient
0%
proche.
0%
roses
0%
rouges
0%
rouges,
0%
sacristie
0%
sécurité
0%
sont
0%
tablier
0%
tira
0%
vers
0%
veste
0%
vĂŞtue
0%
vieux
0%
vint
0%
visage
0%
- Voici
0%
Aucun quiz correspondant
Distribution des résultats
% des personnes avec chaque résultat
Percentile par nombre de réponses
Votre historique - résultats
Vous n’avez pas pris ce quiz